On This Day: May 10th II Quiz Stats

 Plays Quiz Updated May 10, 2018

Score 0/7 Timer 03:00
1 Play Today
Question Answer Wrong Answers
This Irish musician and activist, best known as the lead vocalist of rock band U2, is born.
1960
Bono
94.9%
Sting
2.7%
The Edge
0.6%
Bryan Adams
1%
In Germany, the Nazi party stages a massive burning of ______ in public.
1933
Books
91.7%
Musical Instruments
0.5%
Artwork
5.7%
Foreign Films
1.8%
Winston Churchill is appointed Prime Minister of the United Kingdom following the resignation of ______.
1940
Neville Chamberlain
90.5%
Stanley Baldwin
2%
Ramsay MacDonald
2.1%
David Lloyd George
4.8%
The Parliament of Great Britain passes the Tea Act, designed to save the British ______ Company by granting it a monopoly on the North American tea trade.
1773
East India
71.4%
Hudson's Bay
6.4%
North West
1.5%
West Indies
20.6%
The First Transcontinental Railroad, linking the eastern and western United States, is completed at Promontory Summit, Utah Territory with the ______ spike.
1869
Golden
70.6%
Silver
13.1%
Bronze
5.8%
Copper
10.3%
Construction of this skyscraper’s spire is completed, making it the tallest building in the Western Hemisphere.
2013
One World Trade Center
64.2%
Chrysler Building
11.4%
Willis Tower
18.2%
Wilshire Grand Center
5.1%
This man is elected the first Socialist President of France under the French Fifth Republic.
1981
François Mitterrand
57.8%
Georges Pompidou
17.5%
Charles de Gaulle
21.7%
René Coty
1.9%

You're not logged in!

Compare scores with friends on all Sporcle quizzes.
OR
Log In

Sporcle TV

Today on Sporcle TV


Watch our educational content, quiz creation guides, and fun videos on Sporcle TV.

Show Comments

Extras

Top Quizzes Today


Score Distribution

Your Account Isn't Verified!

In order to create a playlist on Sporcle, you need to verify the email address you used during registration. Go to your Sporcle Settings to finish the process.

Report this User

Report this user for behavior that violates our Community Guidelines.

Details: